Effectif Espagne - Coupe du monde 2026 - Statistiques

Statistiques générales
  • Ce quiz a été pris 38 fois
  • Le résultat moyen est 20 sur 27
Statistiques - réponses
Poste Club Numéro Joueur % Correct
Milieu FC Barcelone - Pedri
97%
Gardien Arsenal FC - David Raya
94%
Milieu Paris Saint-Germain - Fabián Ruiz
94%
Attaquant FC Barcelone - Lamine Yamal
94%
Milieu FC Barcelone - Gavi
91%
Gardien Athletic Bilbao - Unai Simón
91%
Défenseur Chelsea FC - Marc Cucurella
89%
Milieu Manchester City - Rodri
89%
Attaquant FC Barcelone - Ferran Torres
86%
Défenseur FC Barcelone - Pau Cubarsí
86%
Attaquant Real Sociedad - Mikel Oyarzabal
83%
Attaquant Athletic Bilbao - Nico Williams
83%
Défenseur Bayer 04 Leverkusen - Alejandro Grimaldo
80%
Défenseur FC Barcelone - Eric García
80%
Gardien FC Barcelone - Joan Garcia
80%
Défenseur Atlético de Madrid - Marcos Llorente
80%
Milieu Arsenal FC - Martín Zubimendi
80%
Milieu Arsenal FC - Mikel Merino
77%
Défenseur Tottenham Hotspur - Pedro Porro
77%
Défenseur Athletic Bilbao - Aymeric Laporte
74%
Attaquant FC Barcelone - Dani Olmo
71%
Attaquant Crystal Palace - Yéremy Pino
54%
Sélectionneur - - Luis de la Fuente
51%
Attaquant Celta Vigo - Borja Iglesias
46%
Défenseur Atlético de Madrid - Marc Pubill
46%
Milieu Atlético de Madrid - Álex Baena
40%
Attaquant CA Osasuna - Víctor Muñoz
20%
Aucun quiz correspondant
Distribution des résultats
% des personnes avec chaque résultat
Percentile par nombre de réponses
Votre historique - résultats
Vous n’avez pas pris ce quiz